|
|
|
|
| LEADER |
00818cam a2200205 7i4500 |
| 001 |
0000038464 |
| 005 |
20110505090000.0 |
| 020 |
|
|
|a 9789676121981 (pbk.)
|
| 090 |
0 |
0 |
|a HD4904.7
|b .M82 2009
|
| 100 |
1 |
|
|a Mustafa Dakian
|
| 245 |
1 |
0 |
|a Pembangunan modal insan misi 2057 berteraskan Islam dan konvensional
|c Mustafa Dakian.
|
| 260 |
|
|
|a Kuala Lumpur:
|b Utusan Pub. & Dis.,
|c 2009.
|
| 300 |
|
|
|a xviii, 390 p.:
|b ill.;
|c 22 cm.
|
| 490 |
0 |
|
|a Siri pengurusan dan pentadbiran Utusan
|
| 504 |
|
|
|a Includes bibliographical references and index
|
| 650 |
0 |
0 |
|a Human capital --
|z Malaysia
|
| 650 |
0 |
0 |
|a Economic development --
|z Malaysia
|
| 650 |
0 |
0 |
|a Economic development --
|x Religious aspects --
|x Islam
|
| 999 |
|
|
|a 0000047587
|b BOK
|c OPEN SHELF
|e 1st Floor, Bestari Jaya
|
| 999 |
|
|
|a 0000047588
|b BOK
|c OPEN SHELF
|e 1st Floor, Shah Alam
|